000 00535nam a2200217Ia 4500
003 OSt
005 20230418114533.0
008 210423s2011 xx 000 0 und d
020 _a978-81-203-4177-7
040 _cAL
041 _aeng
082 _a346.07
_223
_bRAOM
100 _aRAO (Peddina mohana)
_989946
245 _aMercantile law
260 _aNew Delhi
_bPHI Learning Pvt Ltd
_c2011
300 _a417
_bPB
365 _b275
_cINR
650 _aCommercial Law
_989947
906 _alaw ; Mercantile
942 _2ddc
_cBK
999 _c170035
_d170035